000 01878nam a2200541 i 4500
001 39771
003 KOSZ 005
005 20201202150646.0
008 010302s2000 pl a |000 0 pol
015 _aUWD 2002/2714
035 _a991015755489705066
035 _a(PL-WaBN)b1424097x-48omnis_nlop
035 _ab1424097x
035 _a(OCoLC)749401696
035 _a(PL)b0000001424097
035 _a(EXLNZ-48OMNIS_NETWORK)9910388658005606
040 _aWA N
_cWA N
_dKOSZ 005/HR
041 0 _apol
046 _k2000
080 _a628.35
080 _a577.1
080 _a(075.8)
245 0 0 _aBiotechnologia ścieków :
_bpraca zbiorowa /
_cpod red. Korneliusza Mikscha ; oprac. Bernadetta Czerska [et al.].
260 _aGliwice :
_bWydaw. PŚ,
_c2000.
300 _a131, [2] s. :
_bil. ;
_c24 cm.
336 _aTekst
_btxt
_2rdacontent
337 _aBez urządzenia pośredniczącego
_bn
_2rdamedia
338 _aWolumin
_bnc
_2rdacarrier
380 _aKsiążki
380 _aPublikacje dydaktyczne
385 _mPoziom nauczania
_aSzkoły wyższe
388 _a1901-2000
388 _a1989-2000
490 1 _aSkrypty Uczelniane / Politechnika Śląska,
_x0434-0825 ;
_vnr 2205
504 _aBibliogr. przy rozdz.
521 8 _aDla studentów Wydz. Inżynierii Środowiska i Energetyki.
650 7 _aBiologiczna oczyszczalnia ścieków
_2DBN
650 7 _aŚcieki
_2DBN
650 7 _aBiochemia
655 7 _aPodręczniki akademickie
_2DBN
658 _aInżynieria i technika
700 1 _aCzerska, Bernadetta
_eOpracowanie
700 1 _aMiksch, Korneliusz
_eRedakcja
830 0 _aSkrypty Uczelniane - Politechnika Śląska
_vnr 2205
856 _uhttp://koha.tu.koszalin.pl/cgi-bin/koha/opac-detail.pl?biblionumber=39771
_yKatalog online BPK
942 _2UKD
_cKS
999 _c39771
_d39771